000 01047cam a22002655a 4500
001 L160187
008 181102s2018 xxk f 000 0 eng d
020 _a9781720541837
035 _a(Sirsi) u160187
041 0 _aeng
050 0 4 _a920 HOD
100 1 _aHodgkinson, Peter
245 0 4 _aThe resourceful gunner
_bInventor Major Conrad Dinwiddy in the First World War
260 _a[S.l]
_b[s.n]
_c2018
300 _a214p ; 23 cm
520 _aBased on letters and papers of Major Conrad Dinwiddy RGA and chartered surveyor who died at Battlee of Polygon Wood September 1917 looks at his life and his range of inventions including an aerial range-finder, an aiming post scheme for night firing and schemes for firing artillery from barges and the use of monorail in artillery supply. Photos. Illustrations.
590 _aNTK
650 2 4 _aMajor Conrad Dinwiddy
650 2 4 _aBIOGRAPHY
650 2 4 _aFIRST WORLD WAR
650 2 4 _aCHARTERED SURVEYOR
651 4 _aENGLAND AND WALES
690 _aValuation
_96273
942 _n0
_2ddc
999 _c116266
_d116266